Memorias : (Record no. 19948)

000 -CABECERA
fixed length control field 00876nam a22002537a 4500
003 - IDENTIFICADOR DEL NÚMERO DE CONTROL
control field AR-CdUCM
008 - DATOS DE LONGITUD FIJA--INFORMACIÓN GENERAL
fixed length control field 190226b ||||| |||| 00| 0 spa d
040 ## - FUENTE DE LA CATALOGACIÓN
Agencia/entidad que catalogó originalmente la obra MUNICIPALIDAD PROVINCIAL DEL CUSCO
Entidad que transcribió la catalogación BIBLIOTECA MUNICIPAL DEL CUSCO
082 ## - NÚMERO DE LA CLASIFICACIÓN DECIMAL DEWEY
No. de Clasificación 940.53 /
Notacion interna R81
100 ## - ENTRADA PRINCIPAL--NOMBRE DE PERSONA
Nombre Personal Rommel, Mariscal
245 ## - MENCIÓN DE TÍTULO
Título Memorias :
Resto del título Los Años de Derrota /
260 ## - PUBLICACIÓN, DISTRIBUCIÓN, ETC.
Lugar de publicación, distribución, etc. México :
Nombre de la editorial, distribuidor, etc. Zarco, S. A. ;
Fecha de publicación, distribución, etc. 1955.
300 ## - DESCRIPCIÓN FÍSICA
Nº de Páginas Extensión 313 páginas
Otros detalles físicos fotografías
Dimensiones 20cm
505 ## - NOTA DE CONTENIDO CON FORMATO
Nota de contenido formateada Contenido : La ruptura a través de mosa -- el cerco de cierra -- La ruptura por el somme...
650 ## - PUNTO DE ACCESO ADICIONAL DE MATERIA--TÉRMINO DE MATERIA
Descriptor Francia 1940
9 (RLIN) 41723
650 ## - PUNTO DE ACCESO ADICIONAL DE MATERIA--TÉRMINO DE MATERIA
Descriptor Campaña de África
9 (RLIN) 41724
650 ## - PUNTO DE ACCESO ADICIONAL DE MATERIA--TÉRMINO DE MATERIA
Descriptor Segunda guerra mundial
9 (RLIN) 3486
700 ## - PUNTO DE ACCESO ADICIONAL--NOMBRE DE PERSONA
Nombre Personal Liddell Hart, B. H.
9 (RLIN) 4778
700 ## - PUNTO DE ACCESO ADICIONAL--NOMBRE DE PERSONA
Nombre Personal Rommel, Lucie-Marie
9 (RLIN) 4779
700 ## - PUNTO DE ACCESO ADICIONAL--NOMBRE DE PERSONA
Nombre Personal Rommel, Manfred
9 (RLIN) 4780
700 ## - PUNTO DE ACCESO ADICIONAL--NOMBRE DE PERSONA
Nombre Personal Bayerlein, Fritz
9 (RLIN) 4781
942 ## - ELEMENTOS DE PUNTO DE ACCESO ADICIONAL (KOHA)
Fuente de clasificación
Tipo de item Libros-BMC
945 ## - PROCESAMIENTO DE INFORMACIÓN LOCAL (OCLC)
Catalogador rcc
Holdings
Estado de retiro (separado) Fuente de clasificación o esquema de estanterías Estado dañado Ubicación Sala donde se ubica Nombre de la colección Fecha de adquisición o compra Costo, precio normal en soles Signatura topográfica Código de Barras Última vez visto (Koha) Tipo de ítem (Koha)
No     Sala Humanidades Sala Humanidades Book Cart 2019-05-24 20.00 940.53 / R81 SH0000015235 2019-05-24 Libros-BMC

Powered by Koha